[Event "Invitation"]
[Site "http://www.queenalice.com/game.php?id=705696"]
[Date "2009.12.30"]
[Round "-"]
[White "victim1"]
[Black "Arnimal7"]
[Result "0-1"]
[WhiteElo "1085"]
[BlackElo "1500"]

1. h4 e6 2. h5 Qf6 3. g4 Bb4 4. c3 Ba5 5. d4 Ne7 6. e3 e5 7. f4 exd4 8. g5 Qc6
9. Rh4 dxc3 10. bxc3 Bxc3+ 11. Nxc3 Qxc3+ 12. Bd2 Qc5 13. Rc1 Qd6 14. Nf3 Na6
15. Bb5 c6 16. Ba4 Nc5 17. Rc4 b5 18. Rd4 Qe6 19. Bb3 Qf5 20. Ne5 f6 21. Ng4
fxg5 22. Bc3 gxh4 23. Rd6 Ne4 24. Bxg7 Nxd6 25. h6 Ng6 26. Qxd6 Qe4 27. Qd4 Qxd4
28. exd4 Nxf4 29. Bxh8 d5 30. Nf6+ Kd8 31. Nxh7 h3 32. Bd1 Bf5 33. Nf6 Ke7 34.
Bg7 Re8 35. h7 Kf7+ 36. Kf1 Kxg7 37. Ng8 Kxh7 38. Nf6+ Kg7 39. Nxe8+ Kh6 40. Nd6
Bg4 41. Bxg4 Kg5 42. Bf3 Kh4 43. Bh1 Nh5 44. Kg1 b4 45. Kh2 Nf4 46. a4 b3 47.
Nc8 Ne2 48. Nxa7 b2 49. a5 b1=Q 50. a6 Qg1# 0-1

[Event "You never beat me!"]
[Site "http://www.queenalice.com/game.php?id=1017943"]
[Date "2012.1.29"]
[Round "-"]
[White "rrainey22"]
[Black "Arnimal7"]
[Result "1-0"]
[WhiteElo "1666"]
[BlackElo "1500"]

1. d4 e6 2. Nf3 Nc6 3. c3 b5 4. b4 a5 5. bxa5 Rxa5 6. e3 b4 7. Bd2 Rf5 8. e4
Rxf3 9. Qxf3 d5 10. exd5 Qxd5 11. Qd3 Bd7 12. f3 Bd6 13. a3 bxa3 14. Nxa3 Qh5
15. Be3 Nh6 16. h3 Nf5 17. Bf2 Ng3 18. Rg1 Nxf1 19. Rxf1 O-O 20. Nc4 Be7 21. Ke2
f6 22. Ra2 e5 23. Rfa1 exd4 24. Bxd4 Nxd4+ 25. Qxd4 Bb5 26. Ra8 Qe5+ 27. Qxe5
fxe5 28. Kd3 Rd8+ 29. Rxd8+ Bxd8 30. Ra8 Kf7 31. Rxd8 c6 32. Rb8 h5 33. Rxb5
cxb5 34. Nxe5+ Kf6 35. Kd4 g5 36. Nc6 Kf5 37. Kc5 Kf4 38. Kxb5 Kg3 39. Ne5 Kxg2
40. Ng6 Kxh3 41. c4 h4 42. c5 Kg3 43. Ne5 h3 44. Ng4 Kxf3 45. Nh2+ Kg3 46. c6
Kxh2 47. c7 Kg2 48. c8=Q h2 49. Qg4+ Kf2 50. Qd4+ Kf1 51. Qf6+ Kg2 52. Qxg5+ Kh3
53. Qh5+ Kg3 54. Qe5+ Kg2 55. Qe2+ Kg1 56. Qe1+ Kg2 57. Qe4+ Kh3 58. Kc4 Kg3 59.
Kd3 Kf2 60. Qh1 Kg3 61. Ke2 Kh3 62. Kf2 Kg4 63. Qxh2 Kg5 64. Qe5+ Kg4 65. Ke3
Kh3 66. Qg5 Kh2 67. Kf2 Kh3 68. Qg3# 1-0

[Event "Arnold's Revenge!"]
[Site "http://www.queenalice.com/game.php?id=1027330"]
[Date "2012.2.7"]
[Round "-"]
[White "Arnimal7"]
[Black "rrainey22"]
[Result "1-0"]
[WhiteElo "1442"]
[BlackElo "1657"]

1. Nf3 g6 2. Nc3 Bg7 3. d4 d5 4. e4 dxe4 5. Nxe4 Bg4 6. Bb5+ c6 7. Bc4 Bxf3 8.
Qxf3 f5 9. Ng5 Nh6 10. Ne6 Qd6 11. Nxg7+ Kd8 12. Bxh6 b5 13. Bb3 Rg8 14. Bxg8
Qb4+ 15. Qc3 Qd6 16. O-O-O g5 17. Qa5+ Kc8 18. Ne8 Qd7 19. Qc7+ Qxc7 20. Nxc7
Kxc7 21. Bxg5 Nd7 22. Bxh7 e6 23. Rhe1 Kd6 24. Bf4+ Ke7 25. h4 Kf7 26. h5 Kf6
27. Re3 Nf8 28. Bg8 a6 29. Rh1 Ra7 30. Bd6 Rg7 31. Be5+ 1-0

[Event "Ren's Revenge!"]
[Site "http://www.queenalice.com/game.php?id=1027646"]
[Date "2012.2.8"]
[Round "-"]
[White "rrainey22"]
[Black "Arnimal7"]
[Result "1-0"]
[WhiteElo "1653"]
[BlackElo "1565"]

1. b3 Nc6 2. Bb2 Nf6 3. c3 d5 4. e3 e5 5. f3 Nd7 6. b4 a6 7. Qb3 Nb6 8. Na3 d4
9. Ne2 dxe3 10. dxe3 Nd5 11. Nc2 b5 12. a4 Bb7 13. a5 Be7 14. g3 Qd6 15. Rd1 O-O
16. Bg2 Rad8 17. e4 Nb8 18. exd5 Bxd5 19. Qa3 Qg6 20. Ne3 Be6 21. Qa1 Rd3 22.
Qc1 Rfd8 23. Kf2 e4 24. f4 f5 25. Rxd3 exd3 26. Nd4 c5 27. bxc5 Bxc5 28. Rd1 b4
29. Rxd3 bxc3 30. Qxc3 Ba7 31. Nxe6 Rxd3 32. Qxd3 Qxe6 33. Bd5 Bxe3+ 34. Qxe3
Qxd5 35. Qe8# 1-0

[Event "Challenge"]
[Site "http://www.queenalice.com/game.php?id=1027993"]
[Date "2012.2.9"]
[Round "-"]
[White "Zero3963"]
[Black "Arnimal7"]
[Result "0-1"]
[WhiteElo "1196"]
[BlackElo "1481"]

1. e4 Nc6 2. Nf3 e5 3. d4 Nf6 4. dxe5 Nxe4 5. Bd3 d5 6. O-O Bc5 7. c4 Bf5 8. Ng5
Nxe5 9. Bf4 Nxg5 10. Bxe5 dxc4 11. Bxc4 Qxd1 12. Rxd1 O-O 13. Bxc7 Rae8 14. a3
Bc2 15. Rc1 Bf5 16. b4 Bd4 17. Nc3 Ne6 18. Bd6 Rc8 19. Bd5 Rc7 20. Nb5 Rfc8 21.
Nxa7 Rxc1+ 22. Rxc1 Rxc1# 0-1

[Event "You stoopit"]
[Site "http://www.queenalice.com/game.php?id=1028360"]
[Date "2012.2.10"]
[Round "-"]
[White "rrainey22"]
[Black "Arnimal7"]
[Result "1-0"]
[WhiteElo "1690"]
[BlackElo "1513"]

1. b3 Nc6 2. Bb2 Nf6 3. f3 b6 4. c3 g6 5. g3 e5 6. e4 d5 7. Bb5 Qd7 8. exd5 Bb7
9. dxc6 Bxc6 10. Be2 Bc5 11. c4 Bxg1 12. Rxg1 Qh3 13. Bxe5 Qe6 14. Bxc7 Nh5 15.
f4 O-O 16. d4 Nf6 17. d5 Nxd5 18. cxd5 Bxd5 19. Nc3 Rad8 20. Bxd8 Rxd8 21. Qc2
Bc6 22. Rd1 Qe3 23. Rxd8+ Kg7 24. Kf1 Qe6 25. Bc4 Qh3+ 26. Ke1 b5 27. Nxb5 Bxb5
28. Bxb5 Qe6+ 29. Be2 Qb6 30. Qc3+ Kh6 31. Qd4 Qxd4 32. Rxd4 Kg7 33. Rd7 Kf6 34.
Rxa7 Kf5 35. Rxf7+ Ke4 36. Rxh7 Kd4 37. Rh6 Kc3 38. Rxg6 Kb2 39. Ra6 1-0

[Event "Challenge"]
[Site "http://www.queenalice.com/game.php?id=1030095"]
[Date "2012.2.16"]
[Round "-"]
[White "rrainey22"]
[Black "Arnimal7"]
[Result "0-1"]
[WhiteElo "1740"]
[BlackElo "1495"]

1. b3 c5 2. Bb2 Na6 3. g3 e6 4. Bg2 Nh6 5. c4 Nb4 6. a3 Nc6 7. h3 d5 8. cxd5
exd5 9. e3 Bf5 10. Nc3 d4 11. Nd5 Be7 12. g4 Be6 13. Nf4 g5 14. Nfe2 Bd5 15. f3
Na5 16. Nc1 Qc7 17. exd4 Qg3+ 18. Kf1 b5 19. dxc5 Bxc5 20. Qe2+ Kf8 21. Bxh8 Re8
22. Bg7+ Kxg7 23. Qxe8 Qf2# 0-1

[Event "Challenge"]
[Site "http://www.queenalice.com/game.php?id=1030118"]
[Date "2012.2.16"]
[Round "-"]
[White "Zero3963"]
[Black "Arnimal7"]
[Result "0-1"]
[WhiteElo "1181"]
[BlackElo "1567"]

1. e4 d5 2. Nc3 d4 3. Na4 Qd7 4. b3 e6 5. c4 c6 6. b4 b5 7. Nc5 Qe7 8. d3 Na6 9.
Qh5 Nxb4 10. Qd1 Qxc5 11. Be2 g6 12. a3 Na6 13. Nf3 f5 14. Ng5 Be7 15. Bf4 h6
16. Nf3 g5 17. Be5 Nf6 18. Bxd4 Qd6 19. e5 Qd7 20. exf6 Bc5 21. Ne5 Qd6 22. Bh5+
Kf8 23. Ng6+ Kg8 24. Ne7+ Kf8 25. Qe2 Qxd4 26. Ng6+ Kg8 27. Qxe6+ Bxe6 28. Nxh8
Qxa1+ 29. Ke2 Qxh1 30. Ng6 Bf7 31. cxb5 Re8+ 32. Kd2 Qe1+ 33. Kc2 Qxf2+ 34. Kc3
Bd4# 0-1

[Event "Challenge"]
[Site "http://www.queenalice.com/game.php?id=1032381"]
[Date "2012.2.23"]
[Round "-"]
[White "rrainey22"]
[Black "Arnimal7"]
[Result "1-0"]
[WhiteElo "1764"]
[BlackElo "1509"]

1. b3 g6 2. Bb2 f6 3. g4 c6 4. g5 Qb6 5. gxf6 Nxf6 6. f3 Rg8 7. e3 Bg7 8. c3 d5
9. d4 Bd7 10. Ne2 Na6 11. a4 c5 12. a5 Qe6 13. Bc1 Qf5 14. Ng3 Qg5 15. e4 Qh4
16. e5 Nh5 17. Bg2 Bh3 18. Qe2 Rf8 19. Be3 Nxg3 20. hxg3 Qxg3+ 21. Kd2 Bxg2 22.
Rg1 Bxf3 23. Qb5+ Kd8 24. Rxg3 Rc8 25. Qxb7 cxd4 26. Bxd4 Bh6+ 27. Kc2 Be4+ 28.
Kb2 Bc1+ 29. Kxc1 Rf1+ 30. Kb2 Nc7 31. Nd2 Rf4 32. Qxa7 Ra8 33. Qb6 Ra6 34. Qb4
Bf5 35. Rf3 Rxf3 36. Nxf3 Bc8 37. Bb6 d4 38. Qxd4+ Bd7 39. e6 Rxb6 40. Qxd7# 1-0

[Event "Challenge"]
[Site "http://www.queenalice.com/game.php?id=1032425"]
[Date "2012.2.23"]
[Round "-"]
[White "Zero3963"]
[Black "Arnimal7"]
[Result "0-1"]
[WhiteElo "1180"]
[BlackElo "1568"]

1. e4 d5 2. e5 d4 3. f4 c5 4. Bb5+ Nc6 5. Qf3 Qd7 6. Na3 a6 7. Bc4 b5 8. Bd5 Bb7
9. g4 Rd8 10. f5 e6 11. Bxc6 Bxc6 12. fxe6 fxe6 13. Qf2 Bxh1 14. d3 Qd5 15. Bg5
Qxe5+ 16. Qe2 Qxg5 17. Qxe6+ Ne7 18. Qxa6 Qe3+ 19. Ne2 Bf3 20. Qxb5+ Nc6 21. Kd1
Qxe2+ 22. Kc1 Qd1# 0-1

[Event "Challenge"]
[Site "http://www.queenalice.com/game.php?id=1032883"]
[Date "2012.2.25"]
[Round "-"]
[White "Zero3963"]
[Black "Arnimal7"]
[Result "0-1"]
[WhiteElo "1176"]
[BlackElo "1569"]

1. e4 e6 2. d3 Bb4+ 3. Bd2 Qe7 4. c3 Bc5 5. d4 Bb6 6. b4 c6 7. Qg4 g6 8. Bg5 Nf6
9. Nd2 h5 10. Qf4 e5 11. Qxf6 Qf8 12. Ngf3 Bd8 13. Qxe5+ Be7 14. Bf6 d6 15. Qg5
Qh6 16. e5 Bg4 17. exd6 Bxf6 18. Qxf6 O-O 19. Bd3 Re8+ 20. Ne5 Be6 21. Ndf3 Nd7
22. Qg5 Qg7 23. O-O f6 24. Qe3 fxe5 25. dxe5 Rf8 26. Ng5 Nxe5 27. Nxe6 Qf6 28.
Nxf8 Ng4 29. Nd7 Qxd6 30. Qd4 Qxh2# 0-1

[Event "Challenge"]
[Site "http://www.queenalice.com/game.php?id=1034190"]
[Date "2012.2.28"]
[Round "-"]
[White "Zero3963"]
[Black "Arnimal7"]
[Result "1-0"]
[WhiteElo "1176"]
[BlackElo "1570"]

1. d4 e6 2. c3 c5 3. e3 Nh6 4. a3 Nf5 5. Nf3 g5 6. Ne5 Qf6 7. Nd2 Nh6 8. Ndf3
Nc6 9. b4 d6 10. Nxc6 bxc6 11. Bb2 cxd4 12. cxd4 g4 13. Nd2 g3 14. hxg3 e5 15.
Ne4 Bf5 16. Nxf6+ Ke7 17. Nh5 Bg4 18. Qa4 Rg8 19. Qxc6 Bg7 20. Nxg7 Rac8 21.
Qb7+ Kf6 22. Rc1 Rb8 23. Qxa7 Kxg7 24. f3 Be6 25. dxe5 Nf5 26. exd6+ Kg6 27. g4
Ng3 28. Bd3+ f5 29. gxf5+ Bxf5 30. Rh3 Bxd3 31. Rxg3+ Kf5 32. Qc5+ Ke6 33. Qe5+
Kd7 34. Qe7# 1-0

[Event "Challenge"]
[Site "http://www.queenalice.com/game.php?id=1035549"]
[Date "2012.3.3"]
[Round "-"]
[White "Arnimal7"]
[Black "Zero3963"]
[Result "1-0"]
[WhiteElo "1531"]
[BlackElo "1254"]

1. e3 d5 2. Qf3 Nf6 3. Nh3 Bxh3 4. Qxh3 g6 5. Bb5+ c6 6. Bd3 Bg7 7. O-O O-O 8.
c4 e6 9. b3 dxc4 10. Bxc4 b5 11. Be2 Ne4 12. Bg4 Re8 13. Nc3 Nxd2 14. Rd1 Qd3
15. Bxd2 Bxc3 16. Bxc3 Qxc3 17. Rac1 Qb2 18. a4 Qxb3 19. axb5 Qxb5 20. Qg3 a5
21. Rd4 Qb2 22. Rcd1 c5 23. R4d2 Qf6 24. Qf3 Qe7 25. Qxa8 c4 26. Qxa5 Rc8 27.
Rd8+ Rxd8 28. Rxd8+ Kg7 29. Qe5+ Qf6 30. Qxb8 Qa1+ 31. Rd1 Qf6 32. g3 h5 33. Bf3
Qxf3 34. Rd8 Kf6 35. Qb2+ Ke7 36. Qd4 Qe2 37. Rd7+ Kf8 38. Qh8# 1-0

[Event "Debit increases cash, credit red"]
[Site "http://www.queenalice.com/game.php?id=1036447"]
[Date "2012.3.6"]
[Round "-"]
[White "Arnimal7"]
[Black "rrainey22"]
[Result "1-0"]
[WhiteElo "1499"]
[BlackElo "1770"]

1. e3 b6 2. Qf3 c6 3. Bc4 Nh6 4. Nh3 f6 5. Nf4 Bb7 6. Bd3 g6 7. b3 Bg7 8. Ba3 f5
9. Nc3 Qc7 10. O-O e6 11. Rae1 a6 12. e4 c5 13. Nh5 gxh5 14. Qxh5+ Kf8 15. exf5
exf5 16. Qe8# 1-0

[Event "What happened???"]
[Site "http://www.queenalice.com/game.php?id=1036763"]
[Date "2012.3.6"]
[Round "-"]
[White "Arnimal7"]
[Black "rrainey22"]
[Result "0-1"]
[WhiteElo "1543"]
[BlackElo "1746"]

1. e3 g6 2. Qf3 Nf6 3. Nh3 Bg7 4. Bd3 Nc6 5. Ng5 Ne5 6. Qf4 d6 7. Bb5+ c6 8. Be2
h6 9. Nf3 Nh5 10. Qb4 a5 11. Qb3 a4 12. Qc3 Nxf3+ 13. Bxf3 Bxc3 14. Nxc3 Bd7 15.
O-O b5 16. b3 axb3 17. cxb3 Qc8 18. a4 O-O 19. Bb2 b4 20. Ne4 f5 21. Ng3 Ng7 22.
e4 f4 23. Ne2 c5 24. Rfc1 Qa6 25. d4 Rac8 26. h3 Bc6 27. e5 Bxf3 28. gxf3 Qxe2
29. Rab1 Qxf3 30. exd6 exd6 31. dxc5 Qxb3 32. Re1 Qxh3 33. Re7 Qg4+ 34. Kf1 Nf5
35. Re6 Ne3+ 36. Ke1 Qxe6 37. Bd4 Ng4+ 38. Kf1 Qc4+ 39. Kg2 Qxd4 40. Kh1 Nxf2+
41. Kg2 Ng4 42. cxd6 Qf2+ 43. Kh3 Qg3# 0-1

[Event "Challenge"]
[Site "http://www.queenalice.com/game.php?id=1037358"]
[Date "2012.3.8"]
[Round "-"]
[White "rrainey22"]
[Black "Arnimal7"]
[Result "1-0"]
[WhiteElo "1802"]
[BlackElo "1544"]

1. b4 a5 2. b5 c6 3. a4 Qb6 4. Nc3 cxb5 5. Nxb5 Nc6 6. c3 Ne5 7. f4 Ng4 8. e3
N8h6 9. h3 Nf6 10. g4 Nfg8 11. Bd3 f5 12. gxf5 d6 13. Qc2 Bxf5 14. Bxf5 e6 15.
Bxe6 Qd8 16. Nf3 Nf6 17. Ba3 Ra6 18. O-O-O d5 19. Bxf8 Rxf8 20. Ng5 Ne4 21. Nxe4
Rxe6 22. Ned6+ Rxd6 23. Qe4+ Kf7 24. Nxd6+ Qxd6 25. Kb2 Re8 26. Qxh7 b5 27. axb5
Qb6 28. Qd3 Qc5 29. Rc1 a4 30. c4 Qb4+ 31. Ka2 Re4 32. Qxd5+ Kf8 33. Rb1 Qxc4+
34. Qxc4 Rxc4 35. b6 Rc2+ 36. Ka3 Rxd2 37. b7 Rd8 38. b8=Q Rxb8 39. Rxb8+ Kf7
40. Kxa4 Nf5 41. e4 Ng3 42. Re1 Nh5 43. f5 g5 44. Rb6 Ng3 45. Rg6 Nxf5 46. exf5
g4 47. hxg4 Kf8 48. f6 Kf7 49. Rh6 Kf8 50. g5 Kf7 51. Re7+ Kg8 52. g6 Kf8 53.
Rh8# 1-0

[Event "Challenge"]
[Site "http://www.queenalice.com/game.php?id=1037375"]
[Date "2012.3.9"]
[Round "-"]
[White "Zero3963"]
[Black "Arnimal7"]
[Result "0-1"]
[WhiteElo "1241"]
[BlackElo "1538"]

1. g3 e5 2. Bg2 Qf6 3. Nf3 Nh6 4. O-O Bc5 5. e4 g5 6. h4 Ng4 7. d3 h6 8. hxg5
hxg5 9. Bxg5 Qb6 10. Qe2 Nc6 11. Na3 d6 12. Nc4 Qb5 13. a4 Qb4 14. c3 Qb3 15. d4
exd4 16. cxd4 Nxd4 17. Qd1 Qxc4 18. Nxd4 Bxd4 19. Rc1 Qb4 20. b3 Qb6 21. Bf3
Bxf2+ 22. Rxf2 Qxf2# 0-1

[Event "Challenge"]
[Site "http://www.queenalice.com/game.php?id=1038782"]
[Date "2012.3.14"]
[Round "-"]
[White "Zero3963"]
[Black "Arnimal7"]
[Result "1-0"]
[WhiteElo "1347"]
[BlackElo "1523"]

1. d4 e6 2. c3 Nc6 3. b4 Nce7 4. e3 Ng6 5. g3 a5 6. Qa4 Ra6 7. Bxa6 bxa6 8. Qxa5
Bd6 9. Nf3 e5 10. dxe5 Bf8 11. Nbd2 N8e7 12. c4 Nc6 13. Qd5 Nxb4 14. Qe4 d5 15.
cxd5 Nxd5 16. O-O Be7 17. Bb2 Nb4 18. Qc4 Bb7 19. e6 O-O 20. Ne5 Qd5 21. Ndf3
fxe6 22. Qxc7 Rxf3 23. Rad1 Qb5 24. Ba3 a5 25. Nxf3 Bxf3 26. Qc8+ Nf8 27. Rc1
Qb7 28. Rc7 Qa8 29. Qxa8 Bxa8 30. Rxe7 h6 31. Bb2 Nxa2 32. Rxg7+ Kh8 33. Ra7+
Kg8 34. Rxa8 Nb4 35. Rc1 Nd3 36. Rcc8 Nxb2 37. Rxf8+ Kg7 38. Rfe8 Kf7 39. f4 Nd3
40. e4 Ne1 41. Kf2 Nd3+ 42. Ke3 Nb4 43. f5 e5 44. Rxe5 Nc2+ 45. Kf4 Nd4 46.
Raxa5 Ne2+ 47. Ke3 Nc3 48. Ra7+ Kf6 49. Re6+ Kg5 50. Rg6+ Kh5 51. Rh7 Nd1+ 52.
Kf4 Nf2 53. Rhxh6# 1-0

[Event "Challenge"]
[Site "http://www.queenalice.com/game.php?id=1038792"]
[Date "2012.3.14"]
[Round "-"]
[White "Arnimal7"]
[Black "rrainey22"]
[Result "0-1"]
[WhiteElo "1536"]
[BlackElo "1772"]

1. d4 d5 2. Nf3 h6 3. Qd3 a6 4. e4 g6 5. e5 Bf5 6. Qb3 b5 7. c4 dxc4 8. Qe3 e6
9. Nc3 Nc6 10. Be2 Bg4 11. Qe4 Bxf3 12. Bxf3 Nge7 13. O-O Rb8 14. Be3 Nb4 15.
Rad1 Nd3 16. b3 Bg7 17. Rxd3 cxd3 18. a4 b4 19. Na2 a5 20. Qxd3 O-O 21. Qd2 f5
22. Bxh6 Bxh6 23. Qxh6 Qxd4 24. Rd1 Qxe5 25. Rd7 Qe1# 0-1

[Event "Challenge"]
[Site "http://www.queenalice.com/game.php?id=1038793"]
[Date "2012.3.14"]
[Round "-"]
[White "rrainey22"]
[Black "Arnimal7"]
[Result "1/2-1/2"]
[WhiteElo "1718"]
[BlackElo "1528"]

1. b4 b5 2. Bb2 d5 3. d4 Nc6 4. c3 e5 5. Nf3 exd4 6. Nxd4 Nge7 7. Nxb5 a6 8.
N5a3 d4 9. cxd4 Nxb4 10. Qa4+ Nbc6 11. g3 Rb8 12. Bc3 Qd5 13. f3 Rxb1+ 14. Nxb1
Nf5 15. Nd2 Bd6 16. e4 Qe6 17. Qxc6+ Qd7 18. Qa8 Ne7 19. e5 Ba3 20. Bxa6 O-O 21.
Bxc8 Qxc8 22. Qxa3 Qh3 23. Qxe7 Qe6 24. Bb4 Qxe7 25. Bxe7 Rb8 26. O-O Rb2 27.
Nc4 Rc2 28. Ne3 Rc3 29. Nd5 Rc4 30. Bc5 c6 31. Rfb1 g6 32. Ne7+ Kg7 33. Nxc6 Rc3
34. f4 h5 35. a3 f6 36. e6 g5 37. f5 h4 38. g4 Re3 39. Rb7+ Kh6 40. e7 Re2 41.
Rb8 h3 42. d5 Rg2+ 43. Kh1 Re2 44. e8=Q Rxe8 45. Rxe8 Kg7 46. Re7+ Kg8 47. Re6
Kf7 48. Rae1 Kg7 49. Re7+ Kh6 50. R1e6 1/2-1/2

[Event "Challenge"]
[Site "http://www.queenalice.com/game.php?id=1041068"]
[Date "2012.3.21"]
[Round "-"]
[White "Arnimal7"]
[Black "rrainey22"]
[Result "0-1"]
[WhiteElo "1537"]
[BlackElo "1636"]

1. e4 e5 2. d3 b5 3. Be3 Bb7 4. Nc3 a6 5. Nf3 d6 6. a4 b4 7. Nd5 Bxd5 8. exd5 h6
9. c3 a5 10. c4 Be7 11. Nd2 Nd7 12. Qg4 g5 13. Be2 Ngf6 14. Qh3 Qc8 15. Ne4 c5
16. g4 Qc7 17. O-O O-O-O 18. Ng3 Nf8 19. Bxg5 hxg5 20. Qxh8 N8h7 21. Qg7 Bf8 22.
Qh8 Bh6 23. Nf5 Rxh8 24. Nxh6 Qd7 25. b3 Ng8 26. Nf5 Ne7 27. Nh6 Ng8 28. Nf5
Nhf6 29. Bf3 Ne7 30. Ng7 Rh7 31. Nh5 Nxh5 32. gxh5 g4 33. Be4 f5 34. Bg2 Rxh5
35. f3 Rg5 36. h4 gxh3 37. Kf2 hxg2 38. Rg1 Ng6 39. Rxg2 Rxg2+ 40. Kxg2 Nh4+ 41.
Kg3 Qe7 42. Rh1 Ng6 43. Rh6 Nf4 44. Rh8+ Kb7 45. Rh4 Nxd3 46. f4 Nxf4 47. Rh3
Qg5+ 48. Kh2 Qg2# 0-1

[Event "Challenge"]
[Site "http://www.queenalice.com/game.php?id=1043850"]
[Date "2012.3.29"]
[Round "-"]
[White "rrainey22"]
[Black "Arnimal7"]
[Result "1-0"]
[WhiteElo "1471"]
[BlackElo "1480"]

1. d4 c6 2. c4 Qa5+ 3. Bd2 Qb6 4. c5 Qxb2 5. Nc3 Qb4 6. e3 b5 7. Nd5 Qa4 8. Qxa4
bxa4 9. Nc7+ Kd8 10. Nxa8 Bb7 11. Ba5+ Kc8 12. Nf3 Bxa8 13. Ne5 h5 14. Nxf7 Rh7
15. Bd3 Nf6 16. Bxh7 Nxh7 17. Nh8 g5 18. Ng6 Na6 19. O-O d6 20. cxd6 exd6 21.
Nxf8 Nxf8 22. a3 c5 23. Rfc1 Ng6 24. dxc5 dxc5 25. Rd1 Nh4 26. f3 g4 27. fxg4
hxg4 28. Rd6 Nc7 29. Bxc7 Kxc7 30. Rh6 Nxg2 31. Rc1 Nxe3 32. Rxc5+ Kb7 33. Ra5
Nc4 34. Rxa4 Nb6 35. Rxg4 a5 36. Rgg6 Nd5 37. Rh7+ Nc7 38. Rgg7 a4 39. Rxc7+ Kb6
40. Ra7 Be4 41. Rhg7 Kb5 42. Rg4 Bc6 43. Rgxa4 Kb6 44. R4a6+ Kb5 45. h4 Bb7 46.
Ra5+ Kc6 47. h5 Kb6 48. h6 Kc6 49. h7 1-0

[Event "Challenge"]
[Site "http://www.queenalice.com/game.php?id=1045688"]
[Date "2012.4.4"]
[Round "-"]
[White "rrainey22"]
[Black "Arnimal7"]
[Result "1-0"]
[WhiteElo "1453"]
[BlackElo "1498"]

1. d4 d5 2. c4 dxc4 3. e3 b5 4. a4 b4 5. Bxc4 Ba6 6. Qf3 Bxc4 7. Qxa8 Bd5 8.
Qxa7 Bxg2 9. Qa5 e6 10. Bd2 Bxh1 11. Bxb4 Nc6 12. Qb5 Bxb4+ 13. Kf1 Qh4 14. Nc3
Qxh2 15. Ke2 1-0